01272 a2200217 4500003000500000005001700005010001600022020002600038020002200064040000900086082001500095100002700110245008700137260008300224300003400307505051200341650000600853650003500859856008600894856007400980Nust20221116152011.0 a 94043230 a0521308313 (hardback) a0521484030 (pbk.) cNust00a621.36,DAV1 aDavis, Christopher C.,10aLasers and electro-optics :bfundamentals and engineering /cChristopher C. Davis. aCambridge [England] ;aNew York, NY, USA :bCambridge University Press,c1996. axxi, 720 p. :bill. ;c26 cm. aSpontaneous And Stimulated Transitions (Page-1), Optical Frequency Amplifiers (Page-22), Introduction To Two Practical Laser Systems (Page-57), Passive Optical Resonators (Page-68), Optical Resonator Containing Amplifying Media (Page-88), Laser Radiation (Page-108), Control Of Laser Oscillators (Page-126), Optically Pumped Solid-State Lasers (Page-141), Gas Lasers (Page-185), Molecular Gas Laser I (Page-207), Molecular Gas Laser I (Page-225), Tunable Lasers (Page-248), Semiconductor Lasers (Page- 267). 0a. 0aTelecommunication Engineering.423Publisher descriptionuhttp://www.loc.gov/catdir/description/cam026/94043230.html423Table of contentsuhttp://www.loc.gov/catdir/toc/cam021/94043230.html